[Event "Marienbad Open 2022 - B1 IM Round Robin"]
[Site "Continental hotel, Marianske Lazne"]
[Date "2022.01.21"]
[Round "8"]
[Board "1"]
[White "Matras, Ondrej"]
[Black "Bracker, Arne"]
[Result "1/2-1/2"]
[WhiteElo "2230"]
[BlackElo "2228"]
[PlyCount "62"]
[EventDate "2022.01.15"]
[EventRounds "9"]
[EventCountry "CZE"]

1. d4 Nf6 2. c4 e6 3. Nc3 Bb4 4. Qc2 d5 5. Bg5 dxc4 6. Nf3 b5 7. g3 Bb7 8. Bg2
Nbd7 9. O-O a6 10. a4 Bxc3 11. bxc3 O-O 12. axb5 axb5 13. Qb2 Bc6 14. Rfe1 Qc8
15. Nd2 Bxg2 16. Kxg2 h6 17. Bxf6 Qb7+ 18. Kg1 Nxf6 19. Nxc4 Ng4 20. h3 Qd5 21.
Nd2 Nf6 22. Nf3 Ne4 23. Ne5 c5 24. Nd3 cxd4 25. cxd4 Rfd8 26. Rxa8 Rxa8 27. Ra1
Rd8 28. Ra5 Qxd4 29. Qxd4 Rxd4 30. Rxb5 Rd8 31. Rb7 Nd6  1/2-1/2

[Event "Marienbad Open 2022 - B1 IM Round Robin"]
[Site "Continental hotel, Marianske Lazne"]
[Date "2022.01.21"]
[Round "8"]
[Board "2"]
[White "Smolik, Jachym"]
[Black "Mantovani, Renzo"]
[Result "1/2-1/2"]
[WhiteElo "2291"]
[BlackElo "2272"]
[PlyCount "97"]
[EventDate "2022.01.15"]
[EventRounds "9"]
[EventCountry "CZE"]

1. d4 d6 2. e4 Nf6 3. Nc3 c6 4. a4 e5 5. Nge2 Nbd7 6. g3 Be7 7. Bg2 O-O 8. O-O
Qc7 9. h3 b6 10. Be3 Bb7 11. g4 d5 12. exd5 Nxd5 13. Nxd5 cxd5 14. c3 e4 15. f3
exf3 16. Rxf3 Nf6 17. Bf4 Bd6 18. Bxd6 Qxd6 19. Qd2 Rae8 20. Qf4 Qd7 21. Ng3
Ne4 22. Re3 Nxg3 23. Qxg3 Rxe3 24. Qxe3 Re8 25. Qf2 Re6 26. a5 Qe7 27. axb6
axb6 28. Qg3 g5 29. Ra7 Kg7 30. Bf1 Re3 31. Qf2 Re6 32. Kg2 Rf6 33. Qe2 Re6 34.
Qd2 h6 35. Bd3 Re3 36. b3 b5 37. Ra1 Bc6 38. Rf1 Bd7 39. Rf2 Kg8 40. Re2 Rxe2+
41. Qxe2 Qxe2+ 42. Bxe2 Kf8 43. Bf3 Be6 44. Kf2 Ke7 45. Ke3 Kd6 46. Kd3 f5 47.
Ke3 f4+ 48. Kd2 Bf7 49. b4  1/2-1/2

[Event "Marienbad Open 2022 - B1 IM Round Robin"]
[Site "Continental hotel, Marianske Lazne"]
[Date "2022.01.21"]
[Round "8"]
[Board "3"]
[White "Ricken, Katharina"]
[Black "Jurek, Josef"]
[Result "1/2-1/2"]
[WhiteElo "2006"]
[BlackElo "2211"]
[PlyCount "43"]
[EventDate "2022.01.15"]
[EventRounds "9"]
[EventCountry "CZE"]

1. Nf3 Nf6 2. g3 b5 3. Bg2 Bb7 4. Na3 a6 5. c4 e5 6. O-O e4 7. Nh4 Bxa3 8. bxa3
bxc4 9. Qa4 O-O 10. Qxc4 d5 11. Qb3 Ra7 12. a4 Nbd7 13. Ba3 c5 14. Rac1 Qa5 15.
Qe3 d4 16. Qf4 Re8 17. Nf5 Bd5 18. Qg5 g6 19. Bxc5 Nxc5 20. Nh6+ Kg7 21. Nf5+
Kg8 22. Nh6+  1/2-1/2

[Event "Marienbad Open 2022 - B1 IM Round Robin"]
[Site "Continental hotel, Marianske Lazne"]
[Date "2022.01.21"]
[Round "8"]
[Board "4"]
[White "Plischki, Sebastian"]
[Black "Frank, Adam"]
[Result "0-1"]
[WhiteElo "2375"]
[BlackElo "2324"]
[PlyCount "104"]
[EventDate "2022.01.15"]
[EventRounds "9"]
[EventCountry "CZE"]

1. d4 Nf6 2. c4 g6 3. Nc3 Bg7 4. e4 d6 5. f3 O-O 6. Nge2 Nbd7 7. Be3 a6 8. Ng3
h5 9. Be2 c5 10. d5 Ne5 11. O-O e6 12. a4 exd5 13. cxd5 Qa5 14. h3 Qb4 15. Qc2
Re8 16. Na2 Qa5 17. f4 Ned7 18. Nc3 h4 19. Nh1 Nb6 20. Bd2 Qb4 21. Nf2 c4 22.
a5 Nbd7 23. Ra4 Qc5 24. Rxc4 Qxa5 25. Bf3 Qd8 26. Re1 b5 27. Rc6 Nb6 28. e5 Bf5
29. Qd1 dxe5 30. fxe5 Nfd7 31. Nfe4 Nxe5 32. Bg5 Qb8 33. Bxh4 Nxc6 34. dxc6 Nc4
35. Nd5 Bxe4 36. Rxe4 Rxe4 37. Bxe4 Qe5 38. Qg4 Nd6 39. Bf3 Nf5 40. c7 Rc8 41.
b4 Rxc7 42. Nxc7 Nxh4 43. Qxh4 Qxc7 44. Qe4 Be5 45. Qc6 Qa7+ 46. Kf1 Qe3 47.
Qe4 Qc1+ 48. Ke2 Bc3 49. Kf2 Qd2+ 50. Kg3 Bxb4 51. Qe8+ Kg7 52. Qe5+ Kh7  0-1

[Event "Marienbad Open 2022 - B1 IM Round Robin"]
[Site "Continental hotel, Marianske Lazne"]
[Date "2022.01.21"]
[Round "8"]
[Board "5"]
[White "Redzisz, Michal"]
[Black "Gnojek, Petr"]
[Result "1/2-1/2"]
[WhiteElo "2213"]
[BlackElo "2254"]
[PlyCount "39"]
[EventDate "2022.01.15"]
[EventRounds "9"]
[EventCountry "CZE"]

1. d4 d6 2. Nf3 g6 3. g3 Bg7 4. Bg2 Nd7 5. O-O e5 6. dxe5 dxe5 7. e4 Ngf6 8.
Nbd2 O-O 9. b3 Re8 10. Bb2 b6 11. Qe2 Bb7 12. Rad1 Qe7 13. Ne1 Nc5 14. Ba3 a5
15. Nd3 Ba6 16. Nc4 Nfd7 17. Bh3 Bxc4 18. bxc4 Qf6 19. Nxc5 Nxc5 20. Bxc5
 1/2-1/2

[Event "Marienbad Open 2022 - B1 IM Round Robin"]
[Site "Continental hotel, Marianske Lazne"]
[Date "2022.01.22"]
[Round "9"]
[Board "1"]
[White "Gnojek, Petr"]
[Black "Matras, Ondrej"]
[Result "1-0"]
[WhiteElo "2254"]
[BlackElo "2230"]
[PlyCount "43"]
[EventDate "2022.01.15"]
[EventRounds "9"]
[EventCountry "CZE"]

1. d4 Nf6 2. c4 g6 3. Nc3 Bg7 4. e4 d6 5. f3 O-O 6. Be3 e5 7. Nge2 Nfd7 8. Qd2
c5 9. dxc5 dxc5 10. Nd5 Nc6 11. h4 Nd4 12. h5 Nf6 13. Bg5 Be6 14. Nxd4 cxd4 15.
Bd3 Bxd5 16. exd5 Qd6 17. hxg6 hxg6 18. Bh6 Nh5 19. Rxh5 gxh5 20. Bxg7 Kxg7 21.
Qg5+ Kh8 22. c5  1-0

[Event "Marienbad Open 2022 - B1 IM Round Robin"]
[Site "Continental hotel, Marianske Lazne"]
[Date "2022.01.22"]
[Round "9"]
[Board "2"]
[White "Frank, Adam"]
[Black "Redzisz, Michal"]
[Result "1/2-1/2"]
[WhiteElo "2324"]
[BlackElo "2213"]
[PlyCount "89"]
[EventDate "2022.01.15"]
[EventRounds "9"]
[EventCountry "CZE"]

1. e4 c5 2. Nf3 d6 3. d4 cxd4 4. Nxd4 Nf6 5. Nc3 g6 6. Be2 Bg7 7. O-O O-O 8.
Kh1 Nc6 9. Nb3 a6 10. a4 Be6 11. Be3 d5 12. exd5 Nxd5 13. Nxd5 Bxd5 14. c3 Ne5
15. Re1 e6 16. f3 Nc4 17. Bxc4 Bxc4 18. Qxd8 Rfxd8 19. Nd2 b5 20. Nxc4 bxc4 21.
a5 Rd5 22. Bb6 Rb5 23. Re2 Bf8 24. Ra4 Bc5 25. Rxc4 Bxb6 26. axb6 Rd8 27. Kg1
Rxb6 28. b4 Kg7 29. Rc7 a5 30. bxa5 Ra6 31. Rc5 Rd1+ 32. Kf2 Ra1 33. Ke3 R1xa5
34. Rxa5 Rxa5 35. Kd4 Kf6 36. c4 e5+ 37. Kc3 Ke6 38. Kb4 Ra8 39. c5 Rb8+ 40.
Kc4 f5 41. g3 Rb1 42. Ra2 Rc1+ 43. Kb5 e4 44. f4 e3 45. Re2  1/2-1/2

[Event "Marienbad Open 2022 - B1 IM Round Robin"]
[Site "Continental hotel, Marianske Lazne"]
[Date "2022.01.22"]
[Round "9"]
[Board "3"]
[White "Jurek, Josef"]
[Black "Plischki, Sebastian"]
[Result "0-1"]
[WhiteElo "2211"]
[BlackElo "2375"]
[PlyCount "88"]
[EventDate "2022.01.15"]
[EventRounds "9"]
[EventCountry "CZE"]

1. Nf3 Nf6 2. c4 g6 3. d4 Bg7 4. g3 O-O 5. Bg2 d6 6. Nc3 Nbd7 7. O-O e5 8. e4
Re8 9. h3 b6 10. d5 Nc5 11. Qc2 a5 12. Be3 Bd7 13. Nd2 Nh5 14. Ne2 f5 15. f3 f4
16. gxf4 exf4 17. Bf2 Be5 18. Kh2 Qg5 19. Rg1 Ng3 20. Bf1 Nxf1+ 21. Rgxf1 Qh6
22. Ng1 Re7 23. Nb3 g5 24. Nd4 Rf8 25. Nc6 Bxc6 26. dxc6 Qg6 27. Rad1 Ne6 28.
Rd5 h5 29. b3 Rg7 30. Be1 Qf6 31. Rf2 g4 32. Rg2 g3+ 33. Kh1 Nd8 34. a3 Nxc6
35. b4 axb4 36. axb4 Nd4 37. Qd1 c6 38. Rxd4 Bxd4 39. Rd2 c5 40. Kg2 Ra8 41.
Rc2 Ra1 42. Rc1 Rxc1 43. Qxc1 Ra7 44. Qd2 Bxg1  0-1

[Event "Marienbad Open 2022 - B2 IM Round Robin"]
[Site "Continental hotel, Marianske Lazne"]
[Date "2022.01.16"]
[Round "2"]
[Board "1"]
[White "Hari, Charan Sai Kalluri"]
[Black "Ochedzan, Tymon"]
[Result "1-0"]
[WhiteElo "2160"]
[BlackElo "2350"]
[PlyCount "97"]
[EventDate "2022.01.15"]
[EventRounds "9"]
[EventCountry "CZE"]

1. d4 Nf6 2. c4 g6 3. Nc3 Bg7 4. e4 d6 5. h3 O-O 6. Be3 Na6 7. g4 c5 8. Nge2
cxd4 9. Nxd4 Nc5 10. Bg2 Bd7 11. O-O Rc8 12. Rc1 a6 13. b4 Ne6 14. Qd3 Nxd4 15.
Bxd4 Be6 16. Nd5 Nd7 17. Kh1 Ne5 18. Qe2 Nc6 19. Bxg7 Kxg7 20. f4 f6 21. Qb2
Kg8 22. Bf3 Bf7 23. Bg2 e5 24. fxe5 fxe5 25. Nf6+ Kh8 26. g5 Nd4 27. c5 Be6 28.
Qf2 Qe7 29. cxd6 Qxd6 30. Qh4 Bg8 31. Rxc8 Rxc8 32. Nxh7 Nf3 33. Rxf3 Bxh7 34.
Rf7 Qd1+ 35. Kh2 Qh5 36. Qg3 Kg8 37. Rf2 Qd1 38. Qxe5 Rd8 39. Qe6+ Kh8 40. Qf6+
Kg8 41. Qf7+ Kh8 42. Qf6+ Kg8 43. e5 Qd4 44. e6 Qd6+ 45. Kh1 Rf8 46. Qxf8+ Qxf8
47. Rxf8+ Kxf8 48. Bxb7 Bg8 49. Bd5  1-0

[Event "Marienbad Open 2022 - B2 IM Round Robin"]
[Site "Continental hotel, Marianske Lazne"]
[Date "2022.01.16"]
[Round "2"]
[Board "2"]
[White "Vojta, Jakub"]
[Black "Meszaros, Andras"]
[Result "1-0"]
[WhiteElo "2216"]
[BlackElo "2217"]
[PlyCount "61"]
[EventDate "2022.01.15"]
[EventRounds "9"]
[EventCountry "CZE"]

1. c4 e5 2. Nc3 Nf6 3. g3 Nc6 4. Bg2 Bc5 5. Nf3 e4 6. Ng5 Bxf2+ 7. Kxf2 Ng4+ 8.
Kg1 Qxg5 9. Nxe4 Qe7 10. e3 d6 11. Nc3 Nf6 12. b3 Bg4 13. Qf1 h5 14. h3 Bd7 15.
d4 O-O-O 16. b4 Nxb4 17. Rb1 Nc6 18. c5 a6 19. d5 Nb8 20. c6 bxc6 21. dxc6 Qe5
22. cxd7+ Kxd7 23. Ne2 Rde8 24. Qf3 Qa5 25. Bb2 Qxa2 26. Qf5+ Ke7 27. Bxf6+
gxf6 28. Nd4 Kf8 29. Kh2 h4 30. g4 c5 31. Qxf6  1-0

[Event "Marienbad Open 2022 - B2 IM Round Robin"]
[Site "Continental hotel, Marianske Lazne"]
[Date "2022.01.16"]
[Round "2"]
[Board "3"]
[White "Klek, Hanna Marie"]
[Black "Acor, Corey"]
[Result "1-0"]
[WhiteElo "2341"]
[BlackElo "2303"]
[PlyCount "105"]
[EventDate "2022.01.15"]
[EventRounds "9"]
[EventCountry "CZE"]

1. e4 e5 2. Nf3 Nc6 3. Bb5 a6 4. Ba4 Nf6 5. O-O Nxe4 6. d4 b5 7. Bb3 d5 8. dxe5
Be6 9. Nbd2 Nc5 10. c3 Nxb3 11. Nxb3 Be7 12. Nbd4 Nxd4 13. Nxd4 Qd7 14. a4 b4
15. f4 g6 16. f5 gxf5 17. Qd3 c5 18. Nxf5 c4 19. Ng7+ Kd8 20. Qg3 Kc7 21. b3 d4
22. cxd4 c3 23. Be3 Kc6 24. Nxe6 fxe6 25. Rf7 Rae8 26. Bf2 Qd5 27. Qd3 Kd7 28.
Qxa6 Ra8 29. Qd6+ Qxd6 30. exd6 Kxd6 31. Bg3+ Kd7 32. d5 Ke8 33. dxe6 Ra6 34.
Rf4 Rxe6 35. Rc4 Rg8 36. Rc8+ Kf7 37. Rf1+ Kg7 38. Rc7 Kg6 39. Re1 Rxe1+ 40.
Bxe1 Bg5 41. h4 Bf4 42. Rc4 Kf5 43. Kf1 h5 44. Bf2 Re8 45. a5 Re5 46. a6 Ra5
47. a7 Ra1+ 48. Ke2 Ra2+ 49. Kf3 Be5 50. Rc8 Rxf2+ 51. Kxf2 Bd4+ 52. Kf3 Bxa7
53. Rc4  1-0

[Event "Marienbad Open 2022 - B2 IM Round Robin"]
[Site "Continental hotel, Marianske Lazne"]
[Date "2022.01.16"]
[Round "2"]
[Board "4"]
[White "Richter, Nils"]
[Black "Bomans, Arno"]
[Result "1/2-1/2"]
[WhiteElo "2270"]
[BlackElo "2246"]
[PlyCount "45"]
[EventDate "2022.01.15"]
[EventRounds "9"]
[EventCountry "CZE"]

1. d4 Nf6 2. c4 g6 3. g3 c5 4. dxc5 Qa5+ 5. Nd2 Bg7 6. Bg2 Qxc5 7. Ngf3 O-O 8.
O-O Nc6 9. a3 Qh5 10. h3 d6 11. g4 Qa5 12. b4 Qc7 13. Bb2 a5 14. Qb3 b6 15.
Rfc1 Rb8 16. Nf1 e6 17. Ne3 Qe7 18. Rd1 h6 19. Rac1 Bb7 20. b5 Na7 21. a4 Rfd8
22. Bd4 Nd7 23. Bxg7  1/2-1/2

[Event "Marienbad Open 2022 - B2 IM Round Robin"]
[Site "Continental hotel, Marianske Lazne"]
[Date "2022.01.17"]
[Round "3"]
[Board "1"]
[White "Michalek, Jan"]
[Black "Hari, Charan Sai Kalluri"]
[Result "0-1"]
[WhiteElo "2249"]
[BlackElo "2160"]
[PlyCount "38"]
[EventDate "2022.01.15"]
[EventRounds "9"]
[EventCountry "CZE"]

1. e4 c5 2. Nf3 d6 3. d4 cxd4 4. Nxd4 Nf6 5. Nc3 a6 6. Bc4 e6 7. Bb3 Be7 8. g4
h6 9. Be3 Nbd7 10. Bxe6 fxe6 11. Nxe6 Qa5 12. Nxg7+ Kf7 13. Nf5 Ne5 14. Rg1
Nxe4 15. Bd4 Bg5 16. Kf1 Nd2+ 17. Kg2 Bxf5 18. gxf5 Nef3 19. Bxh8 Qxf5  0-1

[Event "Marienbad Open 2022 - B2 IM Round Robin"]
[Site "Continental hotel, Marianske Lazne"]
[Date "2022.01.17"]
[Round "3"]
[Board "2"]
[White "Bomans, Arno"]
[Black "Pisk, Petr"]
[Result "1/2-1/2"]
[WhiteElo "2246"]
[BlackElo "2329"]
[PlyCount "22"]
[EventDate "2022.01.15"]
[EventRounds "9"]
[EventCountry "CZE"]

1. d4 d5 2. c4 e6 3. Nc3 Nf6 4. cxd5 exd5 5. Bg5 c6 6. e3 h6 7. Bh4 Be7 8. Bd3
O-O 9. Qc2 Be6 10. Nge2 Ne8 11. Bg3 Nd7  1/2-1/2

[Event "Marienbad Open 2022 - B2 IM Round Robin"]
[Site "Continental hotel, Marianske Lazne"]
[Date "2022.01.17"]
[Round "3"]
[Board "3"]
[White "Acor, Corey"]
[Black "Richter, Nils"]
[Result "0-1"]
[WhiteElo "2303"]
[BlackElo "2270"]
[PlyCount "94"]
[EventDate "2022.01.15"]
[EventRounds "9"]
[EventCountry "CZE"]

1. e4 c6 2. d3 d5 3. Nd2 e5 4. Ngf3 Bd6 5. g3 Nf6 6. Bg2 O-O 7. O-O Re8 8. b3
a5 9. a4 Na6 10. exd5 cxd5 11. Bb2 Nb4 12. Nb1 Bg4 13. h3 Bxf3 14. Bxf3 Qc8 15.
Nc3 Qxh3 16. Nb5 Rad8 17. Nxd6 Rxd6 18. Ba3 Rdd8 19. Bg2 Qc8 20. Qd2 Nc6 21. c3
Qg4 22. Rfe1 h5 23. Kh2 h4 24. Bh3 hxg3+ 25. fxg3 Qh5 26. Kg2 d4 27. c4 e4 28.
dxe4 Rxe4 29. Rxe4 Nxe4 30. Qf4 Qe2+ 31. Kg1 g5 32. Bf1 gxf4 33. Bxe2 fxg3 34.
Kg2 d3 35. Bf3 f5 36. Rd1 Ne5 37. Bxe4 fxe4 38. Bc1 Rf8 39. Re1 d2 40. Bxd2
Rf2+ 41. Kxg3 Rxd2 42. Rxe4 Rd3+ 43. Kf4 Nc6 44. Re3 Rxe3 45. Kxe3 Kf7 46. Ke4
Ke6 47. c5 Nb4  0-1

[Event "Marienbad Open 2022 - B2 IM Round Robin"]
[Site "Continental hotel, Marianske Lazne"]
[Date "2022.01.17"]
[Round "3"]
[Board "4"]
[White "Meszaros, Andras"]
[Black "Klek, Hanna Marie"]
[Result "1-0"]
[WhiteElo "2217"]
[BlackElo "2341"]
[PlyCount "85"]
[EventDate "2022.01.15"]
[EventRounds "9"]
[EventCountry "CZE"]

1. e4 e5 2. Nf3 Nc6 3. Bb5 a6 4. Ba4 Nf6 5. O-O Be7 6. Bxc6 dxc6 7. d3 Nd7 8.
Nbd2 O-O 9. Nc4 Bd6 10. a4 c5 11. a5 Re8 12. b3 Nb8 13. Bg5 f6 14. Bd2 Bg4 15.
h3 Bh5 16. g4 Bf7 17. Nh4 Nc6 18. Nf5 Bf8 19. Nce3 g6 20. Ng3 Bh6 21. Kh1 Nd4
22. Ng2 Bxd2 23. Qxd2 b5 24. axb6 cxb6 25. f4 a5 26. Rf2 Kg7 27. Raf1 Ra7 28.
Qe3 b5 29. Nh4 b4 30. fxe5 fxe5 31. Nf3 Bg8 32. Ng5 h6 33. Nf3 a4 34. bxa4 Rxa4
35. g5 hxg5 36. Nxg5 Ra2 37. Rg1 Kh8 38. Nh5 Rf8 39. Nf7+ Rxf7 40. Rxf7 g5 41.
Nf6 Rxc2 42. Rxg5 Bxf7 43. Rg8+  1-0

[Event "Marienbad Open 2022 - B2 IM Round Robin"]
[Site "Continental hotel, Marianske Lazne"]
[Date "2022.01.17"]
[Round "3"]
[Board "5"]
[White "Ochedzan, Tymon"]
[Black "Vojta, Jakub"]
[Result "1-0"]
[WhiteElo "2350"]
[BlackElo "2216"]
[PlyCount "61"]
[EventDate "2022.01.15"]
[EventRounds "9"]
[EventCountry "CZE"]

1. e4 e6 2. d4 d5 3. Nc3 Bb4 4. e5 b6 5. Qg4 Bf8 6. h4 Qd7 7. h5 Ba6 8. Bxa6
Nxa6 9. Be3 c5 10. Nf3 Rc8 11. a3 h6 12. Qf4 Ne7 13. g4 Nc6 14. Ne2 cxd4 15.
Nexd4 Nxd4 16. Nxd4 Be7 17. Qg3 Rc4 18. Rd1 f6 19. exf6 Bxf6 20. c3 e5 21. Nf5
O-O 22. O-O Nc7 23. Rd2 Qe6 24. Re1 d4 25. Bxd4 exd4 26. Rxe6 Nxe6 27. Qd6 Ng5
28. Qd5+ Kh7 29. Qxc4 Nf3+ 30. Kg2 Nxd2 31. Qd3  1-0

[Event "Marienbad Open 2022 - B2 IM Round Robin"]
[Site "Continental hotel, Marianske Lazne"]
[Date "2022.01.18"]
[Round "4"]
[Board "1"]
[White "Hari, Charan Sai Kalluri"]
[Black "Vojta, Jakub"]
[Result "0-1"]
[WhiteElo "2160"]
[BlackElo "2216"]
[PlyCount "66"]
[EventDate "2022.01.15"]
[EventRounds "9"]
[EventCountry "CZE"]

1. d4 Nf6 2. c4 c5 3. e3 e6 4. a3 b6 5. Qf3 d5 6. cxd5 exd5 7. Bb5+ Bd7 8.
Bxd7+ Qxd7 9. Ne2 Nc6 10. Nbc3 Be7 11. O-O cxd4 12. exd4 O-O 13. b4 Rfe8 14.
Bf4 Rad8 15. Rad1 Ne4 16. Nxe4 dxe4 17. Qg3 Qf5 18. Qc3 Qd5 19. Be3 Bf6 20. Nf4
Qb5 21. Rd2 Rd6 22. Rfd1 Ne7 23. Qb3 a5 24. a4 Qxb4 25. Qxb4 axb4 26. Nh5 Nd5
27. Nxf6+ Rxf6 28. Ra1 Rc6 29. Rb2 Rec8 30. h3 f5 31. Kh2 f4 32. Bd2 Rc2 33.
Raa2 b3  0-1

[Event "Marienbad Open 2022 - B2 IM Round Robin"]
[Site "Continental hotel, Marianske Lazne"]
[Date "2022.01.18"]
[Round "4"]
[Board "2"]
[White "Klek, Hanna Marie"]
[Black "Ochedzan, Tymon"]
[Result "1-0"]
[WhiteElo "2341"]
[BlackElo "2350"]
[PlyCount "115"]
[EventDate "2022.01.15"]
[EventRounds "9"]
[EventCountry "CZE"]

1. d4 Nf6 2. c4 c5 3. d5 b5 4. cxb5 a6 5. bxa6 g6 6. Nc3 Bg7 7. e4 O-O 8. a7
Rxa7 9. Nf3 e6 10. Bf4 Na6 11. Be2 exd5 12. exd5 d6 13. O-O Nc7 14. Re1 Rb7 15.
Qd2 Nfxd5 16. Nxd5 Rxb2 17. Qd1 Nxd5 18. Qxd5 Rxe2 19. Rxe2 Bxa1 20. Bxd6 Bb7
21. Qxc5 Bxf3 22. gxf3 Re8 23. Rxe8+ Qxe8 24. Qb4 Kg7 25. a4 Qc6 26. Bf8+ Kf6
27. Qe7+ Kf5 28. Qc5+ Qxc5 29. Bxc5 Bc3 30. Bb6 Ke6 31. a5 Kd7 32. a6 Kc6 33.
Be3 f5 34. Kf1 Bf6 35. Ke2 g5 36. Kd3 h5 37. Kc4 Bd8 38. a7 Kb7 39. Kd5 f4 40.
Bd4 g4 41. Ke4 Bc7 42. fxg4 hxg4 43. f3 gxf3 44. h4 Bd8 45. h5 Bg5 46. Kxf3 Bh6
47. Kg4 Ka8 48. Kf5 Kb7 49. Kg6 Bf8 50. Kg5 f3 51. Kg4 Bg7 52. Bf2 Ka8 53. Kxf3
Kb7 54. Kg4 Bh6 55. Kf5 Ka8 56. Kg6 Bd2 57. Bh4 Kxa7 58. Bg5  1-0

[Event "Marienbad Open 2022 - B2 IM Round Robin"]
[Site "Continental hotel, Marianske Lazne"]
[Date "2022.01.18"]
[Round "4"]
[Board "3"]
[White "Richter, Nils"]
[Black "Meszaros, Andras"]
[Result "1-0"]
[WhiteElo "2270"]
[BlackElo "2217"]
[PlyCount "84"]
[EventDate "2022.01.15"]
[EventRounds "9"]
[EventCountry "CZE"]

1. d4 d5 2. c4 e6 3. Nf3 c5 4. cxd5 exd5 5. g3 Nc6 6. Bg2 Nf6 7. O-O Be7 8. Nc3
O-O 9. b3 Ne4 10. Bb2 Bf6 11. Nxe4 dxe4 12. Nd2 Bxd4 13. Bxd4 cxd4 14. Nxe4 Qe7
15. Rc1 Re8 16. Re1 Bg4 17. Qd2 Rad8 18. Nc5 Rd6 19. b4 Bc8 20. a4 h6 21. a5
Qd8 22. Nd3 Ne7 23. Nb2 b6 24. Nc4 Rf6 25. e4 dxe3 26. Rxe3 Qxd2 27. Nxd2 bxa5
28. Rxe7 Rxe7 29. Rxc8+ Kh7 30. bxa5 Re1+ 31. Bf1 Ra1 32. Rc5 Rd1 33. Nc4 Rc1
34. Kg2 g6 35. Rd5 Kg7 36. Ne3 Re6 37. a6 Rc7 38. g4 Rb6 39. Bb5 Rc1 40. h4 Rc3
41. h5 Kf6 42. Bc4 Rb2  1-0

[Event "Marienbad Open 2022 - B2 IM Round Robin"]
[Site "Continental hotel, Marianske Lazne"]
[Date "2022.01.18"]
[Round "4"]
[Board "4"]
[White "Pisk, Petr"]
[Black "Acor, Corey"]
[Result "1/2-1/2"]
[WhiteElo "2329"]
[BlackElo "2303"]
[PlyCount "27"]
[EventDate "2022.01.15"]
[EventRounds "9"]
[EventCountry "CZE"]

1. e4 e5 2. Nf3 Nc6 3. Bb5 Nge7 4. O-O d6 5. c3 Bd7 6. d4 Ng6 7. d5 Nb8 8.
Bxd7+ Nxd7 9. c4 Be7 10. Nc3 h6 11. g3 Bg5 12. Qe2 Bxc1 13. Raxc1 a5 14. h4
 1/2-1/2

[Event "Marienbad Open 2022 - B2 IM Round Robin"]
[Site "Continental hotel, Marianske Lazne"]
[Date "2022.01.18"]
[Round "4"]
[Board "5"]
[White "Michalek, Jan"]
[Black "Bomans, Arno"]
[Result "1/2-1/2"]
[WhiteElo "2249"]
[BlackElo "2246"]
[PlyCount "117"]
[EventDate "2022.01.15"]
[EventRounds "9"]
[EventCountry "CZE"]

1. e4 c5 2. Nf3 Nc6 3. Bb5 Nf6 4. Nc3 g6 5. O-O Bg7 6. Bxc6 dxc6 7. d3 Nd7 8.
Be3 e5 9. a4 Qe7 10. a5 Nf8 11. Na4 Ne6 12. Nd2 Rb8 13. b4 b6 14. Nb3 cxb4 15.
axb6 axb6 16. Nxb6 O-O 17. Qd2 Nf4 18. Nxc8 Rfxc8 19. Ra5 Ne6 20. Rfa1 c5 21.
Ra7 Rb7 22. Ra8 Rbc7 23. Rxc8+ Rxc8 24. Na5 Ra8 25. Qd1 Ra6 26. Nb3 Ra7 27. f3
Bf6 28. Kf1 Bg5 29. Bf2 Qc7 30. Rxa7 Qxa7 31. Qa1 Qxa1+ 32. Nxa1 Be7 33. Nb3
Kf8 34. Na5 Ke8 35. Nc4 f6 36. g3 Kd7 37. Be3 Bd8 38. Ke2 Bc7 39. Kd2 Kc6 40.
Kc1 f5 41. Kd2 h5 42. Bf2 Bb8 43. Ke2 Kb5 44. Be3 Bc7 45. Kd2 Bb8 46. Kc1 f4
47. Bf2 Ng5 48. Nd2 Nh3 49. Be1 Ka4 50. g4 hxg4 51. fxg4 c4 52. Nf3 cxd3 53.
cxd3 Kb3 54. d4 exd4 55. Nxd4+ Kc4 56. Nc6 f3 57. Nxb8 f2 58. Bxf2 Nxf2 59. Nd7
 1/2-1/2

[Event "Marienbad Open 2022 - B2 IM Round Robin"]
[Site "Continental hotel, Marianske Lazne"]
[Date "2022.01.18"]
[Round "5"]
[Board "1"]
[White "Bomans, Arno"]
[Black "Hari, Charan Sai Kalluri"]
[Result "1-0"]
[WhiteElo "2246"]
[BlackElo "2160"]
[PlyCount "77"]
[EventDate "2022.01.15"]
[EventRounds "9"]
[EventCountry "CZE"]

1. d4 d5 2. c4 c6 3. Nf3 Nf6 4. Nc3 a6 5. a4 e6 6. g3 Be7 7. Bg2 O-O 8. O-O a5
9. b3 Na6 10. Bb2 Nb4 11. Ne5 Nd7 12. Nxd7 Qxd7 13. e4 b6 14. Na2 Ba6 15. Nxb4
axb4 16. Qg4 f5 17. exf5 exf5 18. Qe2 Rae8 19. Rfe1 Bf6 20. Qd2 Qd6 21. c5
Rxe1+ 22. Rxe1 bxc5 23. dxc5 Qxc5 24. Rc1 Bc3 25. Bxc3 bxc3 26. Qxc3 Qxc3 27.
Rxc3 Bb7 28. f4 Kf7 29. Bxd5+ cxd5 30. Rc7+ Kf6 31. Rxb7 Rc8 32. Kf2 Rc2+ 33.
Ke3 Rxh2 34. a5 Ra2 35. b4 h5 36. Rb6+ Kf7 37. a6 Ra3+ 38. Kd4 Rxg3 39. Rb5  1-0

[Event "Marienbad Open 2022 - B2 IM Round Robin"]
[Site "Continental hotel, Marianske Lazne"]
[Date "2022.01.18"]
[Round "5"]
[Board "2"]
[White "Acor, Corey"]
[Black "Michalek, Jan"]
[Result "1-0"]
[WhiteElo "2303"]
[BlackElo "2249"]
[PlyCount "105"]
[EventDate "2022.01.15"]
[EventRounds "9"]
[EventCountry "CZE"]

1. e4 c5 2. Nc3 Nc6 3. g3 g6 4. Bg2 Bg7 5. d3 d6 6. Be3 Qa5 7. Qd2 Rb8 8. Nf3
Bd7 9. O-O Nd4 10. Bxd4 cxd4 11. Ne2 Qb6 12. a4 a5 13. c3 dxc3 14. bxc3 Nf6 15.
Rfb1 Qc7 16. Nfd4 O-O 17. Nb5 Bxb5 18. Rxb5 Nd7 19. Rab1 Rfc8 20. Qa2 b6 21.
Bh3 e6 22. d4 Qc4 23. R1b3 Re8 24. Nf4 Bh6 25. Bf1 Qc7 26. Nd3 Nf6 27. f3 d5
28. e5 Nd7 29. f4 Rec8 30. Qf2 Qd8 31. Nb2 Rc6 32. c4 dxc4 33. Rc3 Bf8 34. Rxc4
Rbc8 35. Qf3 Nb8 36. Qe4 Bb4 37. Rxc6 Rxc6 38. Nd3 Rc4 39. Nxb4 Rxb4 40. Rxb4
axb4 41. Bc4 Qc7 42. d5 Qc5+ 43. Kg2 exd5 44. Bxd5 Nd7 45. e6 Nf6 46. e7 Kg7
47. Qe5 Qc2+ 48. Kh3 Qf5+ 49. Qxf5 gxf5 50. Kg2 Ne8 51. Bc6 b3 52. Bxe8 b2 53.
Bb5  1-0

[Event "Marienbad Open 2022 - B2 IM Round Robin"]
[Site "Continental hotel, Marianske Lazne"]
[Date "2022.01.18"]
[Round "5"]
[Board "3"]
[White "Meszaros, Andras"]
[Black "Pisk, Petr"]
[Result "1/2-1/2"]
[WhiteElo "2217"]
[BlackElo "2329"]
[PlyCount "20"]
[EventDate "2022.01.15"]
[EventRounds "9"]
[EventCountry "CZE"]

1. e4 d5 2. exd5 Nf6 3. c4 c6 4. d4 cxd5 5. Nc3 g6 6. Bg5 Bg7 7. Nf3 O-O 8.
Bxf6 Bxf6 9. cxd5 Nd7 10. Bc4 Nb6  1/2-1/2

[Event "Marienbad Open 2022 - B2 IM Round Robin"]
[Site "Continental hotel, Marianske Lazne"]
[Date "2022.01.18"]
[Round "5"]
[Board "4"]
[White "Ochedzan, Tymon"]
[Black "Richter, Nils"]
[Result "1/2-1/2"]
[WhiteElo "2350"]
[BlackElo "2270"]
[PlyCount "60"]
[EventDate "2022.01.15"]
[EventRounds "9"]
[EventCountry "CZE"]

1. e4 c6 2. d4 d5 3. Nc3 dxe4 4. Nxe4 Nf6 5. Nxf6+ exf6 6. c3 Bd6 7. Bd3 O-O 8.
Qc2 Re8+ 9. Ne2 h5 10. O-O h4 11. Nf4 Nd7 12. Qd1 g6 13. Nxg6 fxg6 14. Bxg6 Re7
15. Qh5 Nf8 16. Bh6 Rg7 17. Bxg7 Kxg7 18. Bd3 Qd7 19. h3 Qf7 20. Qxh4 Ng6 21.
Qh5 f5 22. Rfe1 Bd7 23. Qg5 Rh8 24. Qe3 Nh4 25. Qg5+ Ng6 26. Qe3 Nh4 27. d5 c5
28. Qg5+ Ng6 29. Qe3 Nh4 30. Qg5+ Ng6  1/2-1/2